Business Process Standardization Related to Industry 4.0 and it´s Application in Slovak Medium and Large Companies

Definícia štandardizácie podnikových procesov a uplatňovanie štandardizácie podnikových procesov v slovenských stredných a veľkých podnikov. Dôvody pre štandardizáciu podnikových procesov, tvorcovia štandardov podnikových procesov a využívanie informačných systémov pri štandardizácii podnikových pr...

Descrizione completa

Salvato in:
Dettagli Bibliografici
Autore principale: Púchovská, Jana
Altri autori: Závadský, Ján
Natura: Capitolo di libro
Lingua:inglese
Soggetti:
Tags: Aggiungi Tag
Nessun Tag, puoi essere il primo ad aggiungerne!!

MARC

LEADER 00000nla a2200000 4500
001 0241025
005 20240417075132.8
041 0 |a eng 
044 |a SK 
245 1 0 |a Business Process Standardization Related to Industry 4.0 and it´s Application in Slovak Medium and Large Companies  |c Jana Púchovská, Ján Závadský 
520 |a Definícia štandardizácie podnikových procesov a uplatňovanie štandardizácie podnikových procesov v slovenských stredných a veľkých podnikov. Dôvody pre štandardizáciu podnikových procesov, tvorcovia štandardov podnikových procesov a využívanie informačných systémov pri štandardizácii podnikových procesov. 
610 2 0 |a procesy podnikové 
610 2 0 |a priemysel 4.0 
610 2 0 |a prostredie podnikateľské 
610 2 0 |a štandardizácia 
610 2 0 |a podnik malý 
610 2 0 |a podnik stredný 
100 1 |a Púchovská, Jana 
700 1 |a Závadský, Ján